000 00524nam a2200205Ia 4500
005 20240823021150.0
008 240823s9999||||xx |||||||||||||| ||und||
020 _a81-7829-493-1
041 _aENGLISH
082 _A001.42 P5
100 _a"Somekh,Bridget"
245 0 _aResearch Methods in the Social Sciences
250 _a1st
260 _c2005
_b"Vistaar,New "
_aNew Delhi
500 _aYES
650 _aResearch Methods
_bManagement Studies
700 _a" Lewin,Cathy Eds."
942 _cBK
999 _c176436
_d176436